00401nam a2200121Ia 4500008004100000100001300041245004900054245003300103260000900136856004200145999001900187952007300206160531s9999 xx 000 0 und d aHu, Sen. aCombinatorics and Algebra of Tensor Calculus cby Sen Hu, Xuexing Lu, Yu Ye c2015 uhttp://arxiv.org/pdf/1501.01790v1.pdf c295147d295147 001040aCLbCLd2016-05-31l0r2016-05-31 00:00:00w2016-05-31yCBE